000 00880cam a22002651 4500
001 26574
003 BD-RjUL
005 20211209051033.0
008 140322s1966 enka 001 0 eng
035 _a(BD-RjUL)26644
035 _a(OCoLC)1934489
040 _aDLC
_cAzFU
_dOCoLC
_dUk
_dDLC
_dBD-RjUL
_beng
041 _aeng
082 _a954.031
_bDAP V-1 1966
100 1 _aDanvers, Frederick Charles,
_d1833-1906.
_979415
245 1 4 _aThe Portuguese in India:
_bbeing a history of the rise and decline of their Eastern Empire.
_nVolume One
260 _aLondon :
_bCass,
_c1966.
300 _aliii, 572 p. :
_bfronts., plates (incl. ports., maps) table ;
_c23 cm.
650 0 _aPortuguese
_zIndia.
_979416
651 0 _aIndia
_xHistory.
_981729
651 0 _aIndia
_xDiscovery and exploration.
_979418
942 _2ddc
_cBK
999 _c26574
_d26574